[Event "XII Americas Continental-ch 2017"]
[Site "Medellin"]
[Date "2017.06.18"]
[Round "12"]
[White "Hungaski, Robert Andrew"]
[Black "Iturrizaga Bonelli, Eduardo"]
[Result "1-0"]
[WhiteElo "2492"]
[BlackElo "2663"]
[Annotator "TA"]
[PlyCount "133"]
[EventDate "2017.??.??"]
[EventType "swiss"]
[EventCountry "COL"]
[SourceTitle "playchess.com"]
[Source "ChessBase"]
[SourceQuality "1"]

{[%evp 31,133,54,53,27,37,33,30,29,41,56,48,46,43,31,43,43,43,43,43,41,43,43,43,43,41,17,42,34,50,47,50,34,50,50,50,34,35,6,22,22,22,22,22,22,22,22,22,22,29,10,31,0,31,0,43,0,22,0,0,0,0,0,0,0,29,22,24,22,22,22,101,22,22,0,83,0,41,0,189,4,25,0,189,0,14,0,20,0,20,0,0,0,20,0,0,0,0,0,0,0,0,0,974,954]} 1. e4 c5 2. Nf3 g6 3. d4 cxd4 4. Nxd4 Nc6 5. c4 Bg7 6. Be3 Nf6 7. Nc3 O-O 8. Be2 d6 9. Qd2 Bd7 10. O-O Nxd4 11. Bxd4 Bc6 12. f3 a5 13. b3 Nd7 14. Be3 Nc5 15. Rac1 Be5 {B38: Sicilian: Maroczy Bind with 5...Bg7 and 7...0-0} 16. Rfd1 e6 {LiveBook: 10 Games} 17. Bd4 (17. Rc2 Qe7 18. Nb5 Qh4 19. g3 Bxg3 20. hxg3 Qxg3+ 21. Kf1 Nxe4 22. Qd3 f5 23. Nd4 f4 24. Nxc6 fxe3 25. Qxe3 Rf4 26. Nd4 Rh4 27. Qg1 Rh1 {0-1 (27) Lupulescu,C (2618)-Iturrizaga Bonelli,E (2650) Baku 2016}) 17... Qb6 {[#] White has an edge.} 18. Nb5 $146 ({Predecessor:} 18. Bxe5 Nd3+ {0-1 (18) Yu,R (2526)-Liu,Q (2502) China 2017}) 18... Bxd4+ 19. Qxd4 e5 20. Qe3 Bxb5 21. cxb5 Rfd8 22. Bc4 Rac8 23. Kh1 Qc7 24. Bd5 Qd7 25. a4 Qe7 26. Qd2 b6 27. Qe3 Kg7 28. Rc4 Rf8 29. Rc2 f5 30. exf5 Rxf5 31. Rcd2 Rcf8 32. Kg1 Rf4 33. Bc4 R8f6 34. Rd4 Qc7 35. Rxf4 Rxf4 36. g3 Rf6 37. Bd5 Qd7 38. Kg2 Qf5 39. Rc1 Rf8 40. Qd2 Rc8 41. Qe3 Rf8 42. Qd2 Qf6 43. Qe3 g5 44. Rd1 h6 45. Bc4 Qg6 46. Qd2 Qf5 47. Rf1 Rf6 48. Qd5 {[%csl Gc4][%cal Rd5g8]} Qc8 49. Qc6 Qd8 50. Rd1 Qe7 (50... Qb8 $1 $11) 51. Bd5 (51. Kg1 $1 $16) 51... Qd8 $11 52. Bc4 ({White should try} 52. Rb1 $11) 52... Qe7 $16 53. Bd5 Qd8 54. Bc4 h5 $2 {[#]} (54... Qe7 $11 {and Black is okay.}) 55. Qd5 $2 ({White must play} 55. b4 $1 $18 {[%cal Rb4c5][%mdl 512]} axb4 56. a5 $1 {[%mdl 512]}) 55... Qc8 56. Qc6 $2 (56. Kg1 $11) 56... Qd8 $18 {[#]} 57. Qd5 $2 (57. b4 $1 $18 {[%cal Rb4c5][%mdl 512]} axb4 {[#]} 58. a5 $1 {[%mdl 512]}) 57... Qe8 58. Qc6 Qe7 59. Qd5 Kh6 60. Qg8 Rf8 61. Qd5 Rf6 62. Qd2 $40 {[%mdl 128] White has some attack.} e4 63. fxe4 Qxe4+ ({Reject} 63... Nxe4 $6 64. Qd4 $16) 64. Kg1 h4 65. Re1 (65. Bd5 $5 {[%cal Rd5e4]} Qg4 66. Qd4 Qxd4+ 67. Rxd4 $11) 65... Qg4 66. Qc3 Qf5 $2 {[%mdl 8192]} (66... Kg7 $11) 67. Rf1 {Precision: White = 36%, Black = 54%.} 1-0

[Event "XII Americas Continental-ch 2017"]
[Site "Medellin"]
[Date "2017.06.18"]
[Round "13"]
[White "Iturrizaga Bonelli, Eduardo"]
[Black "Ramirez, Alejandro"]
[Result "1-0"]
[WhiteElo "2663"]
[BlackElo "2552"]
[Annotator "TA"]
[PlyCount "45"]
[EventDate "2017.??.??"]
[EventType "swiss"]
[EventCountry "COL"]
[SourceTitle "playchess.com"]
[Source "ChessBase"]
[SourceQuality "1"]

{[%evp 26,45,24,32,84,87,81,88,92,84,87,80,129,123,135,133,183,173,185,162,661,652]} 1. c4 c5 2. Nf3 b6 3. g3 Bb7 4. Bg2 Nf6 5. O-O g6 6. d4 cxd4 7. Qxd4 Bg7 8. Nc3 d6 9. Rd1 Nbd7 10. Be3 Rc8 11. Rac1 a6 {A30: Symmetrical English: Double Fianchetto and Hedgehog} 12. b3 O-O 13. Qh4 Rc7 14. g4 {[%cal Bg3g4,Bg4g5][%mdl 32] LiveBook: 34 Games} Qb8 {[#]} (14... h6 $14) 15. g5 $1 $16 {[%cal Rg5f6]} Ne8 16. Nd5 Bxd5 17. cxd5 a5 $146 ({Predecessor:} 17... Qb7 18. Qe4 Rxc1 19. Rxc1 {1-0 (35) Bacrot,E (2712)-Carow,J (2410) Deizisau 2015}) 18. Nd4 {[%cal Bf3d4,Bd4c6,Bc6e5][%mdl 32]} Nc5 19. Nc6 $36 {[%mdl 2048] White is in control.} Qb7 20. Qc4 f6 21. h4 {[%cal Bh2h4,Bh4g5][%mdl 32]} fxg5 22. hxg5 Be5 $2 {[#]} (22... Bb2) 23. Nxe5 1-0

[Event "XII Americas Continental-ch 2017"]
[Site "Medellin"]
[Date "2017.06.18"]
[Round "13"]
[White "Vera Siguenas, Deivy"]
[Black "Fier, Alexandr"]
[Result "1/2-1/2"]
[WhiteElo "2526"]
[BlackElo "2576"]
[Annotator "TA"]
[PlyCount "65"]
[EventDate "2017.??.??"]
[EventType "swiss"]
[EventCountry "COL"]
[SourceTitle "playchess.com"]
[Source "ChessBase"]
[SourceQuality "1"]

{[%evp 25,65,24,29,37,35,-1,-8,0,0,-29,-29,-28,-28,-28,-28,-26,-20,-14,-24,-30,-13,-8,-10,-41,-20,-17,-18,-41,-24,-23,0,0,0,0,0,0,0,0,0,0,9,9]} 1. e4 c5 2. Nf3 e6 3. d4 cxd4 4. Nxd4 Nc6 5. Nc3 Nf6 6. Ndb5 d6 7. Bf4 e5 8. Bg5 a6 9. Na3 b5 10. Nd5 Be7 11. Bxf6 Bxf6 12. c3 Bg5 13. Nc2 Ne7 14. a4 {B33: Sicilian: Pelikan and Sveshnikov Variations} (14. Ncb4 O-O 15. h4 Bh6 16. Bd3 Nxd5 17. Nxd5 Be6 18. Bc2 Rb8 19. Qd3 a5 20. a3 Kh8 21. Rd1 Bg4 22. f3 {½-½ (32) Bologan,V (2640)-Zhigalko,S (2639) Poikovsky 2017}) 14... bxa4 15. Rxa4 Nxd5 16. Qxd5 Be6 17. Qd3 O-O 18. Be2 a5 19. O-O Qb6 20. b4 axb4 21. Rxa8 Rxa8 22. Nxb4 Qc5 $146 23. Na6 Qc6 24. Rd1 (24. Nb4 $5 {[%cal Rb4c6]} Qc5 25. Rb1 $11) 24... g6 25. Nb4 Qc5 26. Na6 Qa5 27. Nb4 Rc8 28. Qxd6 {The position is equal.} Rd8 29. Qa6 Rxd1+ 30. Bxd1 Qxa6 31. Nxa6 Bd2 32. Nc7 Bxc3 33. Nxe6 {Precision: White = 67%, Black = 64%.} 1/2-1/2

[Event "XII Americas Continental-ch 2017"]
[Site "Medellin"]
[Date "2017.06.18"]
[Round "13"]
[White "Hungaski, Robert Andrew"]
[Black "Kaidanov, Gregory S"]
[Result "0-1"]
[WhiteElo "2492"]
[BlackElo "2550"]
[Annotator "TA"]
[PlyCount "63"]
[EventDate "2017.??.??"]
[EventType "swiss"]
[EventCountry "COL"]
[SourceTitle "playchess.com"]
[Source "ChessBase"]
[SourceQuality "1"]

{[%evp 19,63,51,51,40,51,0,11,0,0,0,14,0,0,0,0,0,0,0,0,0,0,0,0,0,0,-430,-426,-390,-383,-347,-367,-733,-736,-695,-643,-694,-654,-968,-940,-881,-855,-1355,-1283,-29985,-29986,-29986]} 1. Nf3 d5 2. d4 Nf6 3. c4 e6 4. Nc3 c6 5. g3 Nbd7 6. Bg2 dxc4 7. O-O b5 {[%cal Bb7b5,Bb5b4][%mdl 32]} 8. e4 {[%cal Be2e4,Be4e5][%mdl 32] E01: Catalan: Early deviations} Be7 (8... Bb7 9. e5 Nd5 10. Ng5 h6 11. Nxe6 fxe6 12. Qh5+ Ke7 13. Ne4 Qe8 14. Bg5+ hxg5 15. Qxh8 Kd8 16. Nxg5 Kc8 {0-1 (39) Ipatov,A (2660)-Fedoseev,V (2658) Saint Louis 2017}) 9. d5 b4 10. dxe6 fxe6 {LiveBook: 4 Games} 11. e5 Nd5 12. Ne4 O-O 13. Qc2 {aiming for Neg5.} Nc5 $146 ({Predecessor:} 13... Rxf3 14. Bxf3 Nxe5 15. Bg2 Ba6 {1-0 (35) Kohlweyer,B (2422)-Aryan,C (2246) Badalona 2014}) 14. Nxc5 Bxc5 15. Ng5 {[%csl Gg5][%cal Rc2h7]} Rf5 $1 16. Qxc4 Qb6 $1 $36 {[%mdl 2048] White is under pressure.} 17. Qh4 Bxf2+ 18. Kh1 h6 19. Ne4 Ba6 {[#]} 20. Bxh6 $1 {[%mdl 512] Black must now prevent Qg4!} Bxf1 (20... gxh6 21. Qxh6) 21. Rxf1 {And now Bxg7! would win.} Be3 {[#]} (21... gxh6 22. Qxh6 Qc7 23. Qxe6+ Qf7 24. Qxc6 $16) 22. Rxf5 $4 {[%mdl 8192]} (22. Bxg7 $1 $11 {[%mdl 512]} Rxf1+ (22... Kxg7 23. Qg4+) 23. Bxf1 Kxg7 24. Ng5 Bxg5 25. Qxg5+ Kf8 26. Qh6+ Kg8 27. Bh3) 22... exf5 $19 23. Bxg7 Kxg7 24. Nd6 Rf8 25. Bxd5 $2 (25. Qh5 Ne7 26. Qh4) 25... cxd5 26. Qe7+ Kg8 27. Qe6+ Kh8 28. Qe7 Bh6 {...Qf2 is the strong threat.} 29. Nf7+ Kg8 30. e6 Bg7 31. h4 Qf2 32. Ng5 0-1

[Event "XII Americas Continental-ch 2017"]
[Site "Medellin"]
[Date "2017.06.18"]
[Round "14"]
[White "Fier, Alexandr"]
[Black "Hungaski, Robert Andrew"]
[Result "1-0"]
[WhiteElo "2576"]
[BlackElo "2492"]
[Annotator "TA"]
[PlyCount "99"]
[EventDate "2017.??.??"]
[EventType "swiss"]
[EventCountry "COL"]
[SourceTitle "playchess.com"]
[Source "ChessBase"]
[SourceQuality "1"]

{[%evp 18,99,41,34,61,42,39,51,52,43,68,46,90,68,93,83,95,62,62,29,71,66,83,42,40,33,37,39,35,37,65,65,77,52,49,48,55,56,116,131,118,120,125,118,104,106,172,172,189,162,229,200,441,414,478,460,516,518,517,514,481,473,822,818,1298,1300,1242,1248,1750,1800,1947,1993,29988,29983,29983,29984,29991,29992,29992,29993,29993,29994,29994,413]} 1. e4 d6 2. d4 Nf6 3. Nc3 e5 4. Nf3 Nbd7 5. Bc4 Be7 6. O-O O-O 7. a4 a5 8. Re1 c6 9. h3 exd4 10. Qxd4 Ne8 {C41: Philidor Defence} (10... Nb6 11. Ba2 d5 12. exd5 Nfxd5 13. Nxd5 Nxd5 14. Bxd5 cxd5 15. Bf4 Bf5 16. c3 Be4 17. Nd2 Bg6 18. Nf1 {1-0 (38) Ragger,M (2680)-Kunin,V (2551) Minsk 2017}) 11. Be3 Nc5 12. Rad1 Be6 {White is slightly better.} 13. b3 Nd7 $146 ({Predecessor:} 13... b6 14. Bxe6 fxe6 15. e5 d5 16. Qg4 Qc8 17. Nd4 Rf7 18. h4 {1-0 (36) Dudzinski,P (2333)-Wuttke,H (2168) Germany 2013}) 14. Be2 Qc7 15. Qd2 Bf6 16. Nd4 Nc5 17. Nxe6 Nxe6 18. Bf3 h6 19. g3 Bg5 20. Bxg5 Nxg5 21. Bg2 Ne6 22. f4 Qb6+ 23. Kh2 (23. Qf2 $5 {[%cal Rf2b6]} Qb4 24. Na2 $14) 23... Qb4 24. Nb1 Qc5 25. Qc3 (25. f5 $5 {[%cal Rf5e6]}) 25... Rd8 26. Qxc5 Nxc5 27. Na3 f5 {[#]} (27... Nf6 $14) 28. exf5 $1 $16 d5 29. Nc4 Nd6 30. Nxd6 Rxd6 31. g4 h5 {[#]} (31... g6 $16) 32. Kg3 $1 $18 hxg4 33. hxg4 Rdf6 (33... Rdd8 {was necessary.} 34. Bf3 Rd7) 34. Re7 g6 $2 (34... R6f7 35. Re5 Nd7) 35. fxg6 Rxg6 36. Rde1 Rf7 37. Rxf7 Kxf7 {[%mdl 4096] Endgame KRB-KRN} 38. f5 {[%cal Bf4f5,Bf5f6][%mdl 32]} Rg8 39. Kf4 d4 (39... Rh8 $142 40. Bf3 Rh6) 40. Bf1 Rh8 41. Bc4+ Kf8 42. f6 Nd7 43. g5 {[%cal Bg4g5,Bg5g6][%mdl 32]} Rh2 44. Re7 Nb6 45. Rxb7 {White mates.} Nxc4 46. bxc4 Rxc2 47. g6 {[%cal Rb7b8]} Rf2+ 48. Ke5 {[%cal Rb7b8]} Re2+ 49. Kd6 d3 50. Rb8+ {Precision: White = 70%, Black = 32%.} (50. g7+ $142 Kg8 51. Rb8+ Re8 52. Rxe8+ Kh7 53. g8=Q+ Kh6 54. Qg7+ Kh5 55. Rh8#) 1-0

[Event "XII Americas Continental-ch 2017"]
[Site "Medellin"]
[Date "2017.06.18"]
[Round "14"]
[White "Ramirez, Alejandro"]
[Black "Vera Siguenas, Deivy"]
[Result "1/2-1/2"]
[WhiteElo "2552"]
[BlackElo "2526"]
[Annotator "TA"]
[PlyCount "100"]
[EventDate "2017.??.??"]
[EventType "swiss"]
[EventCountry "COL"]
[SourceTitle "playchess.com"]
[Source "ChessBase"]
[SourceQuality "1"]

{[%evp 26,100,16,0,0,0,4,0,0,0,0,-18,0,0,18,0,0,0,0,0,0,0,0,0,0,0,0,3,52,60,59,48,71,5,11,0,0,0,15,0,0,0,0,-25,-12,-88,-87,-180,-178,-242,-242,-293,-292,-288,-262,-341,-294,-332,-329,-319,-226,-216,0,-310,0,-214,-200,-194,-34,-34,-34,-34,0,-41,0,-48,0]} 1. Nf3 Nf6 2. c4 g6 3. g3 Bg7 4. Bg2 O-O 5. O-O d6 6. d4 {[%cal Bd2d4,Bd4d5][%mdl 32]} Nc6 7. Nc3 e5 8. d5 Nb8 9. e4 a5 {E62: King's Indian: Fianchetto: 6...c6 and Panno Variation (6...Nc6) without ...a6} 10. Ne1 Na6 11. Nd3 (11. f4 exf4 12. gxf4 Re8 13. Nd3 Ng4 14. h3 Bd4+ 15. Kh1 {½-½ (25) Inarkiev,E (2727)-Sutovsky,E (2650) Poikovsky 2017}) 11... Nd7 12. Be3 Ndc5 13. Nxc5 Nxc5 14. Qd2 {LiveBook: 4 Games} b6 15. Rae1 f5 16. f4 exf4 17. Bxf4 fxe4 18. Bxe4 $146 ({Predecessor:} 18. Nxe4 Nxe4 19. Rxe4 {1-0 (43) Lisitsin,G-Lilienthal,A Kiev 1954}) 18... Bh3 19. Bg2 Qd7 20. Nb5 {And now Bxh3 would win.} Bf5 21. Re3 Rae8 22. b3 Rxe3 23. Bxe3 Re8 24. Bd4 Bxd4+ 25. Nxd4 Be4 26. Re1 Qf7 27. Bh3 {Threatens to win with Be6.} Qf6 {Threatening ...Nd3.} 28. Rf1 Qe5 29. Qf2 (29. Ne6 $16 Nxe6 30. Bxe6+ Kg7 31. Re1) 29... Kh8 $11 30. Ne6 (30. Be6 $5) 30... Nxe6 31. Bxe6 Qg7 (31... Bd3 $5 {[%cal Rd3f1]} 32. Re1 Qg7 $14) 32. Qf6 (32. Qe3 {is interesting.} Bf5 33. Kg2 c6 34. Rf2 cxd5 35. cxd5 Bxe6 36. dxe6 Qe5 37. Qxb6 Qe4+ 38. Rf3) 32... Qxf6 33. Rxf6 {[%mdl 4096] Endgame KRB-KRB} Re7 34. Rf8+ Kg7 35. Rg8+ (35. Rf4 $11 Bb1 36. a3) 35... Kf6 $17 36. g4 (36. Kf2 $17 {might work better.}) 36... Ke5 $19 37. Kf2 (37. Rf8 {was necessary.}) 37... Bb1 38. Ke3 Bxa2 39. Rf8 Bxb3 40. Rf4 Bc2 41. Rf2 Be4 42. Rf4 Bb1 43. Rf1 Be4 (43... Ba2 $142 $1 {[%cal Ra2c4]} 44. Kd3 a4) 44. Rf4 $1 {[%cal Rf4e4]} Bb1 45. Rf1 $1 {[%cal Rf1b1] [#]} Ba2 $1 {[%cal Ra2c4]} 46. Kd3 b5 $2 (46... c5 $19 47. Bc8 {[#]} b5 $1 {[%mdl 512]} 48. cxb5 Kxd5) 47. Re1+ $15 Kf6 48. Rf1+ Ke5 (48... Kg5 $5 {[%cal Ra2c4]} 49. cxb5 a4 $15) 49. Re1+ Kf6 50. Rf1+ Ke5 {Precision: White = 44%, Black = 65%.} (50... Kg5 $5 {[%cal Ra2c4]} 51. cxb5 a4 $15) 1/2-1/2

[Event "XII Americas Continental-ch 2017"]
[Site "Medellin"]
[Date "2017.06.18"]
[Round "14"]
[White "Kaidanov, Gregory S"]
[Black "Iturrizaga Bonelli, Eduardo"]
[Result "0-1"]
[WhiteElo "2550"]
[BlackElo "2663"]
[Annotator "TA"]
[PlyCount "130"]
[EventDate "2017.??.??"]
[EventType "swiss"]
[EventCountry "COL"]
[SourceTitle "playchess.com"]
[Source "ChessBase"]
[SourceQuality "1"]

{[%evp 28,130,47,41,52,0,0,0,29,11,22,-46,-18,-22,-19,-97,-97,-97,26,-90,-86,-98,-54,-45,-61,-49,-52,-68,-67,-67,-61,-62,-52,-60,-37,-72,-76,-95,-89,-97,-95,-93,-97,-114,-122,-143,-150,-203,-198,-221,-232,-225,-195,-211,-184,-250,-223,-312,-235,-202,-158,-236,-234,-305,-297,-292,-286,-283,0,-193,0,-240,-255,-277,-253,-287,-286,-323,-327,-386,-318,-326,-321,-325,-318,-372,-372,-360,-364,-350,-325,-355,-368,-456,-442,-490,-478,-458,-389,-386,-379,-440,-486,-468,-441]} 1. Nf3 c5 2. c4 g6 3. d4 cxd4 4. Nxd4 Nc6 5. e4 Bg7 6. Be3 Nf6 7. Nc3 O-O 8. Be2 d6 9. O-O Bd7 10. Rc1 Nxd4 11. Bxd4 Bc6 12. f3 a5 13. b3 Nd7 14. Bf2 {B38: Sicilian: Maroczy Bind with 5...Bg7 and 7...0-0} (14. Be3 Nc5 15. Qd2 e6 16. Rfd1 Be5 17. Bf1 Qe7 18. Ne2 Rfd8 19. Nd4 Be8 20. Qf2 f5 21. exf5 gxf5 22. g3 Bh5 23. Ne2 {1-0 (56) Wang,H (2729)-Iturrizaga Bonelli,E (2653) Dubai 2014}) 14... Nc5 15. Qd2 {LiveBook: 5 Games} Be5 16. Bh4 $146 ({White should try} 16. Nb5 $14) ({Predecessor:} 16. Rfd1 e6 17. Nb5 Bxb5 18. cxb5 Rc8 19. Rc4 b6 20. f4 d5 21. exd5 exd5 22. Qxd5 Qxd5 23. Rxd5 {1-0 (37) Sliwicka,A (2138)-Waardenburg,F (1559) Prague 2016}) 16... Qb6 $11 17. Kh1 e6 18. Rb1 Qb4 19. Rfc1 ({White should play} 19. Be1 $1 $11) 19... f5 20. exf5 Rxf5 21. Bg3 (21. Qe1 $11) 21... Bxg3 $17 22. hxg3 Rh5+ 23. Kg1 {[#]} Nxb3 $1 {[%mdl 512] ( -> ...Qc5+)} 24. Qe3 (24. axb3 Qc5+) 24... Qc5 25. Qxc5 Nxc5 26. Rd1 Rd8 27. Nb5 Re5 28. Kf2 Bxb5 29. Rxb5 Kf7 30. Kf1 Rh5 31. Rd4 Ke7 $36 {[%mdl 2048] White is under strong pressure.} 32. Rxa5 {[#]} Ne4 $1 {[%cal Rh5h1][%mdl 512]} 33. Rxh5 (33. Rxe4 Rxa5) 33... Nxg3+ 34. Kf2 Nxh5 {[%mdl 4096] Endgame KRB-KRN} 35. f4 Nf6 36. Bf3 b6 37. Rd2 (37. g4 $17 {is a better defense.}) 37... Rc8 $19 38. Rb2 Rxc4 39. Rxb6 Rxf4 40. Rb7+ Kd8 41. Ke3 (41. Rb8+ $142 Ke7 42. Rb7+ Kf8 43. Rb8+ Kg7 44. Rb6) 41... Ra4 42. Rf7 Nd7 ({Weaker is} 42... Rxa2 43. Rxf6 Ke7 44. Rf4 $11) 43. Rxh7 Rxa2 44. Rg7 (44. Rh8+ $17 {was worth a try.} Kc7 45. Re8) 44... Ne5 45. Be4 Ra3+ 46. Kf4 Ra4 47. Ke3 Ra3+ 48. Kf4 $1 Ra4 49. Ke3 Ke8 50. Bc2 Rg4 51. Kf2 Kf8 52. Rc7 Rf4+ 53. Ke3 Rf7 54. Rc8+ Ke7 55. Bd1 Kf6 56. Be2 Ra7 57. Rf8+ Ke7 58. Rg8 Ra4 59. Rb8 d5 60. Rb5 Nc4+ 61. Kf2 Nd6 62. Rb8 Ra3 63. Bf3 Nf5 64. Rb6 Ra2+ 65. Kf1 g5 {Precision: White = 31%, Black = 77%.} 0-1

[Event "XII Americas Continental-ch 2017"]
[Site "Medellin"]
[Date "2017.06.18"]
[Round "15"]
[White "Iturrizaga Bonelli, Eduardo"]
[Black "Vera Siguenas, Deivy"]
[Result "1-0"]
[WhiteElo "2663"]
[BlackElo "2526"]
[Annotator "TA"]
[PlyCount "73"]
[EventDate "2017.??.??"]
[EventType "swiss"]
[EventCountry "COL"]
[SourceTitle "playchess.com"]
[Source "ChessBase"]
[SourceQuality "1"]

{[%evp 18,73,24,18,37,26,37,20,71,48,63,64,61,69,83,68,96,85,100,88,128,131,134,138,134,127,189,176,201,159,185,133,128,83,80,81,80,73,73,74,81,54,126,116,114,91,170,162,156,167,165,140,352,360,330,331,901,887]} 1. c4 Nf6 2. Nc3 g6 3. g3 Bg7 4. Bg2 O-O 5. d4 d6 6. e4 Nc6 {[%cal Bb8c6,Bc6d4,Bd4e2][%mdl 32]} 7. Nge2 e5 8. d5 Nd4 9. O-O Nxe2+ 10. Qxe2 Ne8 {E72: King's Indian: 4 e4 d6 5 g3} 11. Be3 (11. Bd2 f5 12. exf5 gxf5 13. f4 Nf6 14. fxe5 dxe5 15. Qxe5 Ne4 16. Qf4 Nxd2 17. Qxd2 Bd7 18. c5 {1-0 (27) Nielsen,P (2628)-Golubev,M (2532) playchess.com INT 2004}) 11... f5 12. exf5 $146 ({Predecessor:} 12. f3 f4 13. Bf2 h5 14. c5 Rf7 15. cxd6 cxd6 16. Rfc1 fxg3 17. hxg3 h4 18. g4 {1-0 (41) Seepe,U (2111)-Fleger,H (2084) Ruhrgebiet 2003}) 12... Bxf5 (12... gxf5 $11 {remains equal.} 13. Rae1 Bd7) 13. c5 Nf6 14. h3 Bd7 15. Rac1 Qe8 16. Qc4 Kh8 17. Qb4 Qb8 18. a4 b6 {[#]} 19. cxd6 $1 cxd6 20. Nb5 Bxb5 21. axb5 Nd7 (21... Ng8 $16 {is a better defense.} 22. Rc6 Ne7) 22. Rc6 $18 Nc5 23. Qg4 Qd8 24. b4 (24. h4 $18) 24... Nb3 $16 25. Qe6 Rf6 {[#]} 26. Bg5 $1 {[%cal Rg5f6]} Rxe6 27. Bxd8 Re8 28. Bg5 $36 {[%mdl 2048] White is on the roll.} Bf8 29. Rc7 Kg8 ({Black should try} 29... Nd4 $14) 30. h4 Nd4 31. h5 Nf5 (31... Nxb5 $16 {might work better.} 32. Rd7 Nc3) 32. hxg6 $18 hxg6 33. Be4 Be7 34. Bd2 a6 $2 (34... Bf6 $16 35. Kg2 Re7) 35. Ra1 Nd4 36. Rxa6 Nxb5 $2 {[#]} (36... Rab8 37. Rd7 Kf7) 37. Rxe7 $1 {[%mdl 512] Precision: White = 56%, Black = 39%.} 1-0

[Event "XII Americas Continental-ch 2017"]
[Site "Medellin"]
[Date "2017.06.18"]
[Round "15"]
[White "Kaidanov, Gregory S"]
[Black "Fier, Alexandr"]
[Result "1/2-1/2"]
[WhiteElo "2550"]
[BlackElo "2576"]
[Annotator "TA"]
[PlyCount "103"]
[EventDate "2017.??.??"]
[EventType "swiss"]
[EventCountry "COL"]
[SourceTitle "playchess.com"]
[Source "ChessBase"]
[SourceQuality "1"]

{[%evp 25,103,0,0,-7,0,-9,2,0,0,-2,-13,-31,24,27,18,17,28,0,0,0,32,0,0,0,14,0,0,-75,-69,-129,27,-3,0,-283,0,0,0,0,25,0,0,0,0,0,0,0,16,0,0,0,0,-8,-8,-11,-21,-12,-22,-72,0,0,0,-48,-20,-79,-82,-71,-83,-170,-174,-220,-200,-197,-192,-175,0,0,0,-156,0,-342]} 1. Nf3 Nf6 {[%cal Bg8f6,Bf6d5,Bd5b4,Bb4d3,Bd3f4][%mdl 32]} 2. c4 c5 3. Nc3 d5 4. cxd5 Nxd5 5. e4 Nb4 6. Bc4 Nd3+ 7. Ke2 Nf4+ 8. Kf1 Nd3 9. Ke2 Nf4+ {A34: Symmetrical English: 2 Nc3, lines with ...d5} 10. Kf1 Nd3 11. Qe2 Nxc1 12. Rxc1 Nc6 13. h4 e6 {LiveBook: 3 Games} 14. h5 h6 15. e5 a6 {[#]} 16. Bd3 $146 ({Predecessor:} 16. Rh3 b5 17. Bd3 {½-½ (63) Sutovsky,E (2660)-Nepomniachtchi,I (2723) Poikovsky 2013}) 16... Bd7 17. Be4 Qc7 18. Rh3 Nxe5 {[#]} (18... O-O-O $15) 19. Bxb7 $1 $11 {[%mdl 512]} Qxb7 20. Nxe5 Be7 21. Nxd7 Qxd7 22. Ne4 Qd4 23. Rhc3 {[%cal Re4c5]} O-O 24. b3 {[%cal Re4c5]} Rfd8 25. Rc4 Qe5 26. Nxc5 (26. g4 $11 {keeps the balance.}) 26... Qh2 $17 {[%cal Rh2h1]} 27. Qf3 (27. f4 $15) 27... Rd5 $2 (27... Rxd2 $17 {[%cal Rh2h1]} 28. Qxa8+ Kh7) 28. Ne4 Rad8 {aiming for ...Rd3.} 29. Rc7 $2 {[%mdl 8192]} (29. Rc8 $11) 29... Rf5 $2 (29... Rd3 $1 $19 {[%cal Rd3f3]} 30. Qxd3 (30. Qg4 $2 f5 $19) 30... Rxd3 31. Rxe7 Qh1+ 32. Ke2 Qxc1 33. Re8+ Kh7 34. Kxd3 Qc7) 30. Qh3 $11 Qxh3 31. gxh3 Bh4 32. Rc8 Rxh5 33. Rxd8+ Bxd8 {[%mdl 4096] Endgame KRB-KRN} 34. Rc8 Rd5 35. Ke2 Kh7 36. Rc5 Rd7 37. Rc6 a5 $1 38. Rd6 (38. Nd6 {seems wilder.} g5 39. Nc4 Rd4 40. d3 Rd5 41. Ne3) 38... Rxd6 39. Nxd6 {KB-KN} f5 40. a4 g5 41. Kf3 Be7 (41... Kg6 $17) 42. Nc4 Bb4 43. d3 Kg7 44. Ne5 (44. Ke3 $11) 44... h5 45. Nc6 Bc3 46. Ke2 (46. d4 $17) 46... g4 $1 $19 47. h4 f4 48. d4 {[#]} Kf6 $1 49. Kd3 Be1 50. Ke2 Bc3 51. Kd3 {[#]} Be1 $2 (51... g3 $1 $17 {[%cal Rg3g2]} 52. fxg3 fxg3) 52. Ke4 $2 {[%mdl 40960] Precision: White = 25%, Black = 49%. . An unexpected result.} (52. Ke2 $11 {and White has nothing to worry.} Bc3) 1/2-1/2